[Event "Sautron op 21th"]
[Site "Sautron"]
[Date "2014.08.29"]
[Round "2"]
[White "Le Gouellec, Marc"]
[Black "Eugene, Floryan"]
[Result "0-1"]
[WhiteElo "1697"]
[BlackElo "2072"]
[PlyCount "30"]
[EventDate "2014.08.28"]
[EventType "swiss"]
[EventRounds "6"]
[EventCountry "FRA"]
[SourceTitle "EXT 2015"]
[Source "ChessBase"]
[SourceDate "2014.11.20"]
[SourceVersion "1"]
[SourceVersionDate "2014.11.20"]
[SourceQuality "1"]

1. e4 e5 2. f4 Nc6 3. Bc4 f5 4. Bxg8 Rxg8 5. exf5 d5 6. Qh5+ g6 7. fxg6 hxg6 8. Qe2 Qe7 9. c3 exf4 10. d4 g5 11. Kd1 Bf5 12. b3 0-0-0 13. Qxe7 Bxe7 14. Na3 g4 15. Bxf4 Bxa3 0-1

[Event "Nantes op 12th"]
[Site "Nantes "]
[Date "2013.12.29"]
[Round "5"]
[White "Le Gouellec, Marc"]
[Black "Bonn, Thomas"]
[Result "0-1"]
[WhiteElo "1692"]
[BlackElo "2284"]
[PlyCount "70"]
[EventDate "2013.12.27"]
[EventType "swiss"]
[EventRounds "7"]
[EventCountry "FRA"]
[SourceTitle "CBM 158 Extra"]
[Source "ChessBase"]
[SourceDate "2014.02.28"]
[SourceVersion "1"]
[SourceVersionDate "2014.02.28"]
[SourceQuality "1"]

1. e4 c5 2. Nf3 Nc6 3. Nc3 g6 4. d4 cxd4 5. Nxd4 Bg7 6. Be3 Nf6 7. Bc4 Qa5 8. 0-0 0-0 9. f3 d6 10. Qd2 Bd7 11. a3 Ne5 12. Be2 Rac8 13. Kh1 Nc4 14. Bxc4 Rxc4 15. Nb3 Qc7 16. Rac1 Rc8 17. Rf2 b5 18. Nd1 Qb8 19. Bd4 Be6 20. Na5 Rxd4 21. Qxd4 Ng4 22. Qb4 Nxf2+ 23. Nxf2 Bh6 24. Rd1 Rxc2 25. Nd3 Qb6 26. Qe1 Qe3 27. Qxe3 Bxe3 28. Nb4 Rxb2 29. Nac6 Kf8 30. h3 h5 31. Nd4 Bc4 32. Ndc6 Bg5 33. Nd3 Bxd3 34. Rxd3 h4 35. f4 Rb1+ 0-1

[Event "Sautron op 13th"]
[Site "Sautron"]
[Date "2013.11.??"]
[Round "2"]
[White "Rouault, Michel"]
[Black "Le Gouellec, Marc"]
[Result "1/2-1/2"]
[WhiteElo "1584"]
[BlackElo "1736"]
[PlyCount "57"]
[EventDate "2013.10.26"]
[EventType "swiss"]
[EventRounds "9"]
[EventCountry "FRA"]
[SourceTitle "EXT 2016"]
[Source "ChessBase"]
[SourceDate "2015.10.08"]
[SourceVersion "1"]
[SourceVersionDate "2015.10.08"]
[SourceQuality "1"]

1. d4 Nf6 2. Nf3 e6 3. c4 Bb4+ 4. Bd2 Bxd2+ 5. Nbxd2 d5 6. Qc2 0-0 7. e3 Nbd7 8. Bd3 h6 9. 0-0 Re8 10. Rac1 c6 11. e4 Nxe4 12. Nxe4 dxe4 13. Bxe4 Nf6 14. Bd3 a6 15. Rcd1 Qc7 16. Ne5 Re7 17. Rfe1 b5 18. cxb5 cxb5 19. Rc1 Qb6 20. Qc5 Qxc5 21. dxc5 b4 22. Red1 g6 23. Nc6 Rb7 24. Be2 a5 25. Bf3 Nd5 26. Bxd5 exd5 27. Rxd5 Be6 28. Rd8+ Rxd8 29. Nxd8 1/2-1/2

[Event "Sautron op 13th"]
[Site "Sautron"]
[Date "2013.10.??"]
[Round "4"]
[White "Le Gouellec, Marc"]
[Black "Gallant, Aurelien"]
[Result "0-1"]
[WhiteElo "1736"]
[BlackElo "2124"]
[PlyCount "44"]
[EventDate "2013.10.26"]
[EventType "swiss"]
[EventRounds "9"]
[EventCountry "FRA"]
[SourceTitle "EXT 2016"]
[Source "ChessBase"]
[SourceDate "2015.10.08"]
[SourceVersion "1"]
[SourceVersionDate "2015.10.08"]
[SourceQuality "1"]

1. e4 c5 2. Nf3 d6 3. d4 cxd4 4. Nxd4 Nf6 5. Nc3 a6 6. Bg5 e6 7. Qd2 Nbd7 8. Be2 Be7 9. 0-0-0 Qc7 10. f3 0-0 11. g4 b5 12. Bf4 b4 13. Nb1 Nc5 14. Nb3 Nxb3+ 15. axb3 e5 16. Be3 Be6 17. Qd3 a5 18. Nd2 a4 19. bxa4 Rxa4 20. Nb3 Rc8 21. Kd2 d5 22. Kc1 dxe4 0-1